| 000 | 00403nam a2200145Ia 4500 | ||
|---|---|---|---|
| 005 | 20251222143240.0 | ||
| 008 | 251222s9999||||xx |||||||||||||| ||spa|| | ||
| 020 | _a9786124772184 | ||
| 082 | _a345.04/G23/Ej.2 | ||
| 100 | _aGarcía Cavero, Percy | ||
| 245 | 0 | _aIntervención Delictiva en Estructuras Empresariales | |
| 250 | _a1ra. ed. | ||
| 264 | _bIdeas Solución Editorial S.A.C. | ||
| 942 | _cLIB | ||
| 999 |
_c14546 _d14546 |
||